000 01001cab a22002055a 4500
001 L148435
008 090917e20090911xxko f 000 0 eng d
035 _a(Sirsi) u148435
041 0 _aeng
100 1 _aSandher, Hardeep
245 0 0 _aRegional report
_bYorkshire and north Lincs
260 _c2009
490 0 _aProperty Week
_v75(37) 11 September 2009, 67-76(5)
520 _aYorvale Capital has launched a new £100m fund which will only invest in mostly retail properties from the Midlands to the Scottish borders and has its target investor audience in northern England. Bradford City Council has brought its urban regeneration work in house after sacking its sole regeneration company Bradford Centre Regeneration. Stirling Investment and Scotfield's planned data campus near Huddersfield has been opposed by local residents.
590 _aKA
651 4 _aYorkshire
_y1888-
651 4 _aLincolnshire
690 _aPROPERTY-COMMERCIAL PROPERTY-COMMERCIAL PROPERTY MARKET
942 _n0
999 _c81834
_d81834